| 000 | 01998nam2a22003731 4500 | ||
|---|---|---|---|
| 001 | v19\rc\1606000 | ||
| 005 | 20250618202119.0 | ||
| 035 | _a(NLR Aleph) 004692549 | ||
| 090 |
_a3954777 _c3954777 |
||
| 100 | _a20061002f18261917|||y0rusy50 ca | ||
| 101 | 0 | _arus | |
| 102 | _aRU | ||
| 105 | _ac z |||e| | ||
| 200 | 1 |
_a[Накануне единства Италии _e(Письмо из Венеции) _aЗадача новейшей литературы _aЛитература и народ _aСатира Щедрина _aПолитическая литература в Германии. Лудвиг Берне _a"Ход назад!" в науке уголовного права] |
|
| 215 | _aVIII, 447 с., 1 л. фронт. (портр.) | ||
| 461 | 0 |
_1001v19\rc\1605999 _12001#$aИз литературы и жизни$eЖурн. ст., этюды, заметки$eС портр. [и крат. биогр. очерком] авт. Т. 1-2$fЕ.И. Утин$vТ. 1 _1700#1$3RU\NLR\AUTH\7784220$7ca$aУтин$bЕ. И.$f1843-1894$gЕвгений Исаакович _95470122 _aУтин, Е. И. (1843-1894) _cСанкт-Петербург _d1896 _fЕ.И. Утин _nтип. М.М. Стасюлевича _oЖурн. ст., этюды, заметки : С портр. [и крат. биогр. очерком] авт. Т. 1-2 _p2 т. _tИз литературы и жизни _vТ. 1 |
|
| 532 | 1 | 3 | _aХод назад в науке уголовного права] |
| 540 | 1 | _aНакануне единства Италии | |
| 702 | 1 |
_aБерне _bЛ. _gЛудвиг _4570 |
|
| 801 | 0 |
_aRU _bNLR _gpsbo |
|
| 801 | 0 |
_aRU _bRuMoRGB _2psbo |
|
| 801 | 1 |
_aRU _bProSoft-M _2rusmarc |
|
| 852 |
_aNLR _j18.177.4.64 |
||
| 852 |
_aNLR _j130/6210 |
||
| 899 |
_aRuMoRGB _jM 53/35 |
||
| 899 |
_aRuMoRGB _jA 212/283 |
||
| 899 |
_aRuMoRGB _jA 308/106 |
||
| 899 |
_aRuMoRGB _jРб 14/382 |
||
| 899 | _aБАН | ||
| 899 | _aНБ СПбГУ | ||
| 899 | _aГПИБ | ||
| 899 | _aНБ МГУ | ||
| 942 | _cBOOK | ||
| 980 | _aNB | ||